| 000 -LEADER | |
|---|---|
| fixed length control field | 00389nam a22001697a 4500 |
| 005 - DATE AND TIME OF LATEST TRANSACTION | |
| control field | 20210908131811.0 |
| 008 - FIXED-LENGTH DATA ELEMENTS--GENERAL INFORMATION | |
| fixed length control field | 160701b xxu||||| |||| 00| 0 eng d |
| 020 ## - INTERNATIONAL STANDARD BOOK NUMBER | |
| ISBN | 81-87567-54-6 |
| 041 ## - LANGUAGE CODE | |
| Language code of text/sound track or separate title | eng |
| 082 ## - DEWEY DECIMAL CLASSIFICATION NUMBER | |
| Item number | 20368 |
| 100 ## - MAIN ENTRY--AUTHOR NAME | |
| Personal name | Mukerjee, p.k |
| 245 ## - TITLE STATEMENT | |
| Title | A text book of geology |
| 260 ## - PUBLICATION, DISTRIBUTION, ETC. (IMPRINT) | |
| Name of publisher | World press |
| Year of publication | 2010 |
| 300 ## - PHYSICAL DESCRIPTION | |
| Number of Pages | 623 |
| 650 ## - SUBJECT ADDED ENTRY--TOPICAL TERM | |
| Topical Term | Agriculture |
| 942 ## - ADDED ENTRY ELEMENTS (KOHA) | |
| Koha item type | Books |
| Lost status | Damaged status | Collection code | Home library | Current library | Shelving location | Date acquired | Cost, normal purchase price | Full call number | Accession Number | Koha item type | Source of acquisition |
|---|---|---|---|---|---|---|---|---|---|---|---|
| MINING | JRU Library | SHELF-88-C | 01/07/2016 | 0.00 | 20368 | 20368 | Books | ||||
| MINING | JRU Library | JRU Library | SHELF-88-C | 01/07/2016 | 0.00 | 20368 | 20369 | Books | |||
| MINING | JRU Library | JRU Library | SHELF-88-C | 01/07/2016 | 0.00 | 20368 | 20370 | Books | |||
| MINING | JRU Library | JRU Library | SHELF-88-C | 01/07/2016 | 0.00 | 20368 | 20371 | Books | |||
| MINING | JRU Library | JRU Library | SHELF-88-C | 01/07/2016 | 0.00 | 20368 | 20372 | Books | |||
| MINING | JRU Library | JRU Library | SHELF-88-C | 03/11/2023 | 550.00 | 551 | 28050 | Books | PURCHASE [LBI000225/29-10-2023] | ||
| MINING | JRU Library | JRU Library | SHELF-88-C | 03/11/2023 | 550.00 | 551 | 28051 | Books | PURCHASE [LBI000225/29-10-2023] | ||
| MINING | JRU Library | JRU Library | SHELF-88-C | 03/11/2023 | 550.00 | 551 | 28052 | Books | PURCHASE [LBI000225/29-10-2023] | ||
| MINING | JRU Library | JRU Library | SHELF-88-C | 03/11/2023 | 550.00 | 551 | 28053 | Books | PURCHASE [LBI000225/29-10-2023] | ||
| MINING | JRU Library | JRU Library | SHELF-88-C | 03/11/2023 | 550.00 | 551 | 28054 | Books | PURCHASE [LBI000225/29-10-2023] |